| 000 | 00773cab a2200193 4500 | ||
|---|---|---|---|
| 001 | ABS37694 | ||
| 008 | 090401t1987 xxu||||| |||| 00| 0 eng d | ||
| 035 | _a(Sirsi) u6233 | ||
| 041 | _aeng | ||
| 110 |
_aRoyal Institution of Chartered Surveyors _bInsurance Services _9643 |
||
| 245 | _aAccidents will happen | ||
| 260 | _c1987 | ||
| 350 | _a0 | ||
| 490 |
_aChartered Surveyor Weekly _v19(9) 28 May 1987, 35(1) |
||
| 520 | _aDescribes three types of insurance; employers liability , public liability and personal accident insurance, which could be called upon to pay compensation in the event of an accident causing death or personal injury to the surveyor during the course of his work or to others. | ||
| 690 |
_aInsurance _96249 |
||
| 942 | _n0 | ||
| 948 | _c04/03/1997 | ||
| 999 |
_c3747 _d3747 |
||